000 00675nam a2200217Ii 4500
003 JO-AjNU
008 230606s9999||||xx |||||||||||||| ||und||
020 _a978-81-224-3689-1
040 _aJO-AjNU
_beng
_erda
_cJO-AjNU
041 _aeng
050 1 4 _aHD31.S47.2015
100 3 _a Sethi, Mohini /Surjeet Malhan,
_eauthor
_93911
245 0 0 _aCATERING MANAGEMENT An Integrated Approach
250 _a3 ed
264 3 1 _aNew delhi : New Age International (p) Limited,2015
300 _a474p
336 _atext
_btxt
_2rdacontent
337 _aunmediated
_bn
_2rdamedia
338 _avolume
_bnc
_2rdacarrier
650 4 _a Caterers and catering -- Management. 
_93912
999 _aE2039
_c2038
_d2038